Hà nội sau một năm thí điểm tổ chức quản lý, dạy nghề và giải quyết việc làm cho người sau cai nghiện ma túy /
محفوظ في:
| المؤلف الرئيسي: | |
|---|---|
| التنسيق: | مقال |
| اللغة: | Vietnamese |
| الموضوعات: | |
| الوسوم: |
إضافة وسم
لا توجد وسوم, كن أول من يضع وسما على هذه التسجيلة!
|
| Thư viện lưu trữ: | Thư viện Trường Đại học Đà Lạt |
|---|
| LEADER | 00851nam a2200265 4500 | ||
|---|---|---|---|
| 001 | DLU100106111 | ||
| 005 | ##20100412 | ||
| 040 | # | # | |a DLU |b vie |
| 041 | # | # | |a vie |
| 044 | # | # | |a vn |
| 100 | # | # | |a Trần Việt Trung. |
| 245 | # | # | |a Hà nội sau một năm thí điểm tổ chức quản lý, dạy nghề và giải quyết việc làm cho người sau cai nghiện ma túy / |c Trần Việt Trung. |
| 653 | # | # | |a Cai nghiện |
| 653 | # | # | |a Lao động |
| 653 | # | # | |a Nghiện ma túy |
| 773 | # | # | |t Tạp chí lao động và xã hội |g Số1(326), 2008, tr. 27-29 |
| 920 | # | # | |a Phòng Tạp chí -- Trung tâm Thông tin - Thư viện Trường Đại học Đà Lạt |
| 994 | # | # | |a DLU |
| 900 | # | # | |a True |
| 911 | # | # | |a Nguyễn Thị Linh Chi |
| 925 | # | # | |a G |
| 926 | # | # | |a A |
| 927 | # | # | |a BB |
| 980 | # | # | |a Thư viện Trường Đại học Đà Lạt |